Les races de chien: toute les sortes de caniche - Statistiques

Statistiques générales
  • Ce quiz a été pris 6 fois
  • Le résultat moyen est 4 sur 5
Statistiques - réponses
Réponses % Correct
4 Caniche Royal
100%
3 Caniche Nain
83%
5 Caniche Toy
83%
2 Caniche Moyen
50%
1 Caniche Normal
33%
Aucun quiz correspondant
Distribution des résultats
% des personnes avec chaque résultat
Percentile par nombre de réponses
Votre historique - résultats
Vous n’avez pas pris ce quiz